BIBLIOTHÈQUE DE LA MAISON DU MEXIQUE

Logo 1 Logo 2

Courtly art of the ancient maya (notice nᵒ 12708)

détails MARC
000 -Sello discográfico
campo de control de longitud fija 01211nam a2200313 4500
005 - Identificación de versión
campo de control 20260325141938.0
010 ## - Número Estándar Internacional de Libros (ISBN)
Número (ISBN) 1-88401-111-9
099 ## - fechas locales
Tipo de ítem Koha LIBRO
100 ## - Datos de procesamiento general
Datos de procesamiento general 20260320d2004 u||y0spay50 ba
101 ## - Idioma del recurso
Idioma del texto, banda sonora, etc. Inglés
105 ## - Campo de datos codificados: Material textual, monográfico
Datos codificados de monografía a 001zy
200 ## - Título y mención de responsabilidad
Título propio Courtly art of the ancient maya
Designación general del material texto impreso
Primer mención de responsabilidad Mary Miller, Simon Martin
Declaración de responsabilidad subsiguiente curator Kathleen Berrin
210 ## - Publicación, distribución, etc.
Lugar de publicación, distribución, etc. San Francisco
-- New York
Nombre del editor, distribuidor, etc. Fine Arts Museums of San Francisco
-- Themes & Hudson
Fecha de publicación, distribución, etc. 2004
215 ## - Descripción física
Designación de material específico y extensión del ítem 304 p
Otras características físicas principalmente il.
Dimensiones 28 cm
300 ## - Notas generales
Texto de la nota An exhibition organized by the Fine Arts Museums of San Francisco (4 september 2004 - January 2005) and the National Gallery of Art, Washington (4 april - 25 july 2004)
345 ## - Nota de información de adquisición
Fuente de adquisición/dirección de la suscripción [OBSOLETO] Donación
606 ## - Término temático usado como materia
Elemento de entrada Arte maya
Subdivisión temática Exposiciones
Número Koha 19560
606 ## - Término temático usado como materia
Elemento de entrada Arquitectura maya
Número Koha 1339
606 ## - Término temático usado como materia
Elemento de entrada Mayas
Subdivisión temática Vida social y costumbres
Número Koha 4453
606 ## - Término temático usado como materia
Elemento de entrada Mayas
Subdivisión temática Antigüedades
Número Koha 940
660 ## - Código de área geográfica
Código MX
700 ## - Nombre personal - Responsabilidad primaria
Elemento de entrada Miller
Parte del nombre distinta del elemento de entrada Mary
Número Koha 19567
701 ## - Nombre personal - Responsabilidad alternativa
Elemento de entrada Martin
Parte del nombre distinta del elemento de entrada Simon
Número Koha 19568
702 ## - Nombre personal - Responsabilidad secundaria
Elemento de entrada Berrin
Parte del nombre distinta del elemento de entrada Kathleen
Número Koha 19569
801 ## - Fuente de origen
País FR
Agencia cm
Reglas de catalogación (convenciones descriptivas) AFNOR
942 ## - ELEMENTOS DE ENTRADA SECUNDARIOS (KOHA)
Tipo de ítem Koha Livre
Exemplaires
Estatus retirado Estado de daño Estado de pérdida Fuente de la clasificación o esquema de estantería Fecha de adquisición Biblioteca de origen Biblioteca actual Código de barras Precio de reemplazo Signatura topográfica completa No para préstamo Tipo de ítem Koha Nota no pública
      Clasificación Decimal Dewey 20/03/2026 Casa México Paris Casa México Paris 011054 20/03/2026 F709.72 M647c No se presta a domicilio Livre 751145101